000
00240nam a22000977a 4500
008
160530b xxu||||| |||| 00| 0 eng d
082
_a
541.3
_b
K141t
100
_a
Kapoor, K L
245
_a
A text book of physical chemistry
942
_2
ddc
_c
GEN
999
_c
78394
_d
78383